Lateral thinking : Creativity step - by - step

Bibliographic Details
Main Author: De Bono, Edward
Format: Book
Published: New York : Harper & Row Publ. , 1990
Subjects:

MARC

LEADER 00000cam a2200000 7i4500
001 0000000448
005 20050613.0
020 |a 0060903252 
040 |a INS 
090 0 0 |a BF408.   |b D4 1990 
100 1 |a De Bono, Edward 
245 1 0 |a Lateral thinking :   |b Creativity step - by - step   |c Edward De Bono 
260 |a New York :   |b Harper & Row Publ. ,   |c 1990 
300 |a 300p 
650 0 0 |a Creative thinking 
650 0 0 |a Logic 
650 0 0 |a Thought and thinking 
999 |a 0000006563   |b BOOK   |c Open Shelf   |e Default branch